Autostrade italiane - Quiz n°2 - Statistics

Statistiche generali
  • Questo quiz è stato fatto 198 volte
  • Il punteggio medio è 8 su 12
Statistiche sulle risposte
Percorso Estensione (km) Soprannome Autostrada % Corretto
Torino - Trieste 524,0 Autostrada Serenissima A4
98%
Bologna - Padova 116,7 Autostrada Euganea A13
85%
Milano - Varese 43,6 Autostrada dei Laghi A8
76%
Palermo - Catania 191,6 - A19
75%
Firenze - Pisa 81,7 Autostrada Firenze-Mare A11
68%
Caserta - Salerno 55,3 - A30
64%
Cassano Magnago - Lentate sul Seveso 21,8 Autostrada Pedemontana Lombarda A36
62%
Napoli - Canosa 172,5 Autostrada dei Due Mari A16
61%
Badia Polesine - Piovene Rocchette 88,7 Autostrada della Val d'Astico A31
60%
Palmanova - Tarvisio 119,9 Autostrada Alpe-Adria A23
57%
Portogruaro - Conegliano 48,7 - A28
57%
Villesse - Gorizia 17 - A34
51%
Nessun quiz corrispondente trovato
Distribuzione punteggi
Percentuale di utenti per punteggio
Percentile per numero di risposta
I tuoi punteggi nel tempo
Non hai fatto questo quiz